[Event "Bornholms Sommer A1"]
[Site "Ronne"]
[Date "2011.07.08"]
[Round "1"]
[White "Andersen, Rune"]
[Black "Andersen, Lars Rene"]
[Result "1-0"]
[WhiteElo "2120"]
[BlackElo "2112"]
[PlyCount "89"]
[EventDate "2011.07.08"]
[EventType "tourn"]
[EventRounds "5"]
[EventCountry "DEN"]
[SourceTitle "EXT 2023"]
[Source "ChessBase"]
[SourceDate "2022.10.05"]
[SourceVersion "1"]
[SourceVersionDate "2022.10.05"]
[SourceQuality "1"]

1. d4 d5 2. c4 c6 3. Nc3 Nf6 4. Nf3 a6 5. c5 g6 6. g3 Bg7 7. Bg2 0-0 8. 0-0 Nbd7 9. Qc2 Re8 10. Rd1 h6 11. h3 Nf8 12. Ne5 N6d7 13. f4 Nxe5 14. fxe5 Bf5 15. Qb3 Qc7 16. g4 Be6 17. Bf4 Rad8 18. Rf1 Qc8 19. Na4 Qc7 20. Rf2 g5 21. Bg3 Ng6 22. Raf1 Rf8 23. Qd3 Qd7 24. Kh2 Qc7 25. Nb6 Nf4 26. Rxf4 gxf4 27. Bxf4 Rde8 28. Qd2 Qd8 29. Bxh6 f6 30. e4 Rf7 31. exd5 cxd5 32. Bxg7 Rxg7 33. Qf4 fxe5 34. Qxe5 Qb8 35. Re1 Bf7 36. Qxb8 Rxb8 37. Rxe7 Rg6 38. Nd7 Rd8 39. Ne5 Re6 40. Rxb7 Be8 41. Kg3 Bb5 42. Nf7 Re3+ 43. Kf4 Rde8 44. Bxd5 R8e7 45. Ne5+ 1-0

[Event "Odense Fynsmesterskabet"]
[Site "Odense"]
[Date "2011.06.05"]
[Round "8"]
[White "Bank Friis, Carsten"]
[Black "Andersen, Lars Rene"]
[Result "1-0"]
[WhiteElo "2321"]
[BlackElo "2137"]
[PlyCount "69"]
[EventDate "2011.06.01"]
[EventType "swiss"]
[EventRounds "9"]
[EventCountry "DEN"]
[SourceTitle "CBM 142 Extra"]
[Source "ChessBase"]
[SourceDate "2011.06.27"]
[SourceVersion "1"]
[SourceVersionDate "2011.06.27"]
[SourceQuality "1"]

1. b3 d5 2. Bb2 Nf6 3. e3 e6 4. f4 Be7 5. Nf3 c5 6. Be2 Nc6 7. 0-0 0-0 8. Ne5 Qc7 9. Qe1 d4 10. Nxc6 Qxc6 11. Bf3 Qc7 12. Na3 Bd7 13. Nc4 Bb5 14. g3 Rfe8 15. a4 Ba6 16. exd4 cxd4 17. Qe5 Rec8 18. Bxd4 Bxc4 19. bxc4 Qxc4 20. Bxb7 Rd8 21. Bxa8 Rxd4 22. d3 Qxc2 23. Qxd4 Bc5 24. Rac1 Bxd4+ 25. Kh1 Qxc1 26. Rxc1 g6 27. Kg2 h5 28. h3 Kf8 29. a5 Ne8 30. Rc4 Bf6 31. Rc8 Ke7 32. Bc6 Ng7 33. Rc7+ Kd6 34. Rxf7 Bc3 35. Be4 1-0

[Event "Odense Fynsmesterskabet"]
[Site "Odense"]
[Date "2011.06.04"]
[Round "7"]
[White "Andersen, Lars Rene"]
[Black "Rostgaard, Tobias Valentin"]
[Result "1/2-1/2"]
[WhiteElo "2137"]
[BlackElo "2207"]
[PlyCount "202"]
[EventDate "2011.06.01"]
[EventType "swiss"]
[EventRounds "9"]
[EventCountry "DEN"]
[SourceTitle "CBM 142 Extra"]
[Source "ChessBase"]
[SourceDate "2011.06.27"]
[SourceVersion "1"]
[SourceVersionDate "2011.06.27"]
[SourceQuality "1"]

1. c4 g6 2. e4 Bg7 3. d4 d6 4. Nc3 e5 5. Nge2 Nc6 6. Be3 Nf6 7. d5 Ne7 8. f3 0-0 9. Qd2 Nd7 10. 0-0-0 f5 11. Kb1 a5 12. g4 f4 13. Bf2 h6 14. h4 b6 15. b3 Ba6 16. Nc1 Qb8 17. Be2 Qa7 18. Nd3 Rfb8 19. h5 g5 20. Nb2 Nc5 21. Kc2 Bc8 22. Rb1 Bd7 23. Rhc1 a4 24. b4 a3 25. Nbd1 Ba4+ 26. Nxa4 Qxa4+ 27. Kc3 Nb7 28. Qc2 Qd7 29. Kd2 c5 30. Ke1 cxb4 31. Rxb4 Nc5 32. Rcb1 Nc8 33. Nc3 Bf6 34. Nb5 Bd8 35. Qc3 Ra6 36. Kf1 Rba8 37. Bd1 Na7 38. Qd2 Nxb5 39. Rxb5 R6a7 40. Qc3 Qc8 41. Bxc5 bxc5 42. Qb3 Ba5 43. Rb8 Rxb8 44. Qxb8 Qxb8 45. Rxb8+ Kg7 46. Ke2 Bc7 47. Rc8 Kf7 48. Kd3 Kg7 49. Bb3 Kf7 50. Bc2 Kg7 51. Ba4 Kf7 52. Be8+ Kg7 53. Bd7 Kh7 54. Bf5+ Kg7 55. Re8 Ba5 56. Rb8 Bc7 57. Rc8 Ba5 58. Rc6 Bc7 59. Bc8 Kf7 60. Ba6 Ke7 61. Kc2 Kd8 62. Kb3 Ra8 63. Kxa3 Ra7 64. Ka4 Ra8 65. Kb3 Rb8+ 66. Bb5 Rb6 67. Ka4 Kc8 68. Ba6+ Kb8 69. Rxb6+ Bxb6 70. Kb5 Kc7 71. Bc8 Ba7 72. Ka6 Bb8 73. Bb7 Kd7 74. a4 Bc7 75. Kb5 Bb8 76. Kb6 Bc7+ 77. Ka6 Bd8 78. Ka7 Ba5 79. Ka6 Bc7 80. Ba8 Kc8 81. Kb5 Kd7 82. Ka6 Kc8 83. Ka7 Ba5 84. Ka6 Bc7 85. Ka7 Ba5 86. Bc6 Bd8 87. Bb7+ Kd7 88. Ka6 Bc7 89. a5 Bd8 90. Kb5 Bc7 91. a6 Bb8 92. Kb6 Bc7+ 93. Kb5 Bb8 94. Bc6+ Kc8 95. Be8 Kc7 96. a7 Bxa7 97. Ka6 Bb8 98. Bf7 Kd8 99. Kb7 Bc7 100. Be8 Ba5 101. Bb5 Ke7 1/2-1/2

[Event "DEN-chT 1011 49th"]
[Site "Denmark"]
[Date "2011.02.20"]
[Round "7.6"]
[White "Nordenbaek, Jan"]
[Black "Andersen, Lars Rene"]
[Result "1/2-1/2"]
[WhiteElo "2271"]
[BlackElo "2132"]
[PlyCount "24"]
[EventDate "2010.11.06"]
[EventType "team-tourn"]
[EventRounds "9"]
[EventCountry "DEN"]
[SourceTitle "EXT 2012"]
[Source "ChessBase"]
[SourceDate "2011.11.24"]
[SourceVersion "1"]
[SourceVersionDate "2011.11.24"]
[SourceQuality "1"]
[WhiteTeam "Sydostfyn"]
[BlackTeam "Copenhagen 68"]
[WhiteTeamCountry "DEN"]
[BlackTeamCountry "DEN"]

1. Nf3 d5 2. d4 c6 3. c4 Nf6 4. Nc3 a6 5. g3 dxc4 6. Ne5 b5 7. Bg2 Bb7 8. a4 e6 9. 0-0 Qb6 10. e4 Be7 11. Be3 Qc7 12. Qe2 0-0 1/2-1/2

[Event "DEN-chT 1011 49th"]
[Site "Denmark"]
[Date "2010.11.07"]
[Round "2.4"]
[White "Rasmussen, Casper"]
[Black "Andersen, Lars Rene"]
[Result "1/2-1/2"]
[WhiteElo "2357"]
[BlackElo "2132"]
[PlyCount "124"]
[EventDate "2010.11.06"]
[EventType "team-tourn"]
[EventRounds "9"]
[EventCountry "DEN"]
[SourceTitle "EXT 2012"]
[Source "ChessBase"]
[SourceDate "2011.11.24"]
[SourceVersion "1"]
[SourceVersionDate "2011.11.24"]
[SourceQuality "1"]
[WhiteTeam "Valby K41"]
[BlackTeam "Copenhagen 68"]
[WhiteTeamCountry "DEN"]
[BlackTeamCountry "DEN"]

1. d4 d5 2. Nf3 c6 3. c4 Nf6 4. Nc3 e6 5. e3 Nbd7 6. b3 Bd6 7. Bd3 0-0 8. 0-0 e5 9. cxd5 cxd5 10. dxe5 Nxe5 11. Be2 Nxf3+ 12. Bxf3 Bxh2+ 13. Kxh2 Qc7+ 14. Kg1 Qxc3 15. Ba3 Re8 16. Rc1 Qe5 17. Bc5 Ne4 18. Bd4 Qg5 19. Rc7 b6 20. Qe2 Be6 21. Rfc1 Nd6 22. R1c6 Nf5 23. Be5 Nh4 24. Bg3 Nxf3+ 25. Qxf3 h5 26. Bh4 Qg4 27. Qxg4 hxg4 28. Be7 Rec8 29. Kh2 Rxc7 30. Rxc7 a6 31. Rb7 b5 32. Kg3 f6 33. Bc5 Rc8 34. b4 Rc6 35. a3 Bc8 36. Ra7 Be6 37. Kh4 Bc8 38. Kh5 Bf5 39. Kh4 Be6 40. Re7 Bf5 41. Kg3 Be6 42. Ra7 Bc8 43. Kh2 Bf5 44. Kg1 Be4 45. Rd7 a5 46. Kh2 axb4 47. axb4 Ra6 48. Kg3 Ra1 49. f3 gxf3 50. gxf3 Bd3 51. Rxd5 Bc4 52. Rd7 Rf1 53. Rd2 Kf7 54. Kf4 Be6 55. Kg3 Rg1+ 56. Kf2 Ra1 57. Rd6 Bc4 58. Rd7+ Kg8 59. e4 Rf1+ 60. Ke3 Re1+ 61. Kf4 Rf1 62. Rd2 Kf7 1/2-1/2

[Event "DEN-chT 1011 49th"]
[Site "Denmark"]
[Date "2010.11.06"]
[Round "1.4"]
[White "Andersen, Lars Rene"]
[Black "Nielsen, Lars Aaes"]
[Result "1-0"]
[WhiteElo "2132"]
[BlackElo "2276"]
[PlyCount "135"]
[EventDate "2010.11.06"]
[EventType "team-tourn"]
[EventRounds "9"]
[EventCountry "DEN"]
[SourceTitle "EXT 2012"]
[Source "ChessBase"]
[SourceDate "2011.11.24"]
[SourceVersion "1"]
[SourceVersionDate "2011.11.24"]
[SourceQuality "1"]
[WhiteTeam "Copenhagen 68"]
[BlackTeam "Nordkalotten"]
[WhiteTeamCountry "DEN"]
[BlackTeamCountry "DEN"]

1. Nf3 d5 2. d4 Nf6 3. c4 e6 4. g3 Be7 5. Bg2 0-0 6. 0-0 dxc4 7. Ne5 Nc6 8. Bxc6 bxc6 9. Nxc6 Qe8 10. Nxe7+ Qxe7 11. Qa4 Qd6 12. Qxc4 Ba6 13. Qc2 Qxd4 14. Be3 Qe5 15. Nc3 Ng4 16. Qc1 h6 17. h3 Nf6 18. Kh2 Nd5 19. Nxd5 exd5 20. Qd2 Rac8 21. Rac1 Rfd8 22. Rfd1 Qe7 23. Bc5 Qxe2 24. Qxe2 Bxe2 25. Rd2 Bf3 26. Rc3 Be4 27. Bxa7 c6 28. a4 Ra8 29. Bb6 d4 30. Rc4 Re8 31. Rcxd4 Bd5 32. a5 Re1 33. Rxd5 cxd5 34. Rxd5 Rb1 35. Rb5 Rb8 36. Kg2 f6 37. h4 Kf7 38. h5 Ke6 39. Kf3 Ra1 40. b4 Ra3+ 41. Ke4 Ra2 42. Rc5 Rb2 43. Rc6+ Kd7 44. Rc7+ Kd6 45. Rc4 Ke6 46. Kd3 Rb7 47. Kc3 Rb1 48. Kc2 Ra1 49. Kb3 Kd5 50. Rc5+ Kd6 51. Kc4 Rc1+ 52. Kb5 Rxc5+ 53. bxc5+ Kd5 54. a6 Rb8 55. a7 Ra8 56. c6 Kd6 57. Be3 Kd5 58. Kb6 Rxa7 59. Kxa7 Kxc6 60. Kb8 Kd7 61. Kb7 Ke6 62. Kc6 Kf5 63. f3 Ke6 64. Bf4 Ke7 65. Kd5 Kd7 66. Bd6 Kd8 67. Ke6 Ke8 68. g4 1-0

[Event "DEN-chB"]
[Site "Hillerod"]
[Date "2010.04.05"]
[Round "7"]
[White "Ostergaard, Jens"]
[Black "Andersen, Lars Rene"]
[Result "1-0"]
[WhiteElo "2257"]
[BlackElo "2088"]
[PlyCount "61"]
[EventDate "2010.03.30"]
[EventType "swiss"]
[EventRounds "7"]
[EventCountry "DEN"]
[SourceTitle "CBM 135 Extra"]
[Source "ChessBase"]
[SourceDate "2010.05.04"]
[SourceVersion "1"]
[SourceVersionDate "2010.05.04"]
[SourceQuality "1"]

1. d4 d5 2. Nf3 c6 3. c4 Nf6 4. Nc3 a6 5. e3 Bf5 6. Qb3 Ra7 7. cxd5 cxd5 8. Ne5 Bc8 9. Qa4+ Bd7 10. Nxd7 Nbxd7 11. Bd2 e6 12. Rc1 Ra8 13. Bd3 Be7 14. 0-0 0-0 15. Ne2 Bd6 16. h3 Qe7 17. Rc2 Rfc8 18. Rfc1 Rxc2 19. Rxc2 g6 20. b4 e5 21. dxe5 Nxe5 22. Nc1 Nxd3 23. Nxd3 Qe4 24. Qb3 Qe6 25. Bc1 Ne4 26. Bb2 Bf8 27. Nf4 Qb6 28. Nxd5 Qe6 29. f3 Nd6 30. Qc3 f6 31. Nc7 1-0